000 00875nam a2200277 i 4500
003 DO-SdBNP
005 20250611102431.0
007 ta
008 250611e2010 dr |||frf||| 000 0 spa d
020 _a
040 _aDO-SdBNP
_bspa
_cBNPHU
_erda
041 _hsp
082 4 _axxx
_bG943
_222
245 0 0 _aGuía de prestadores de servicios de salud :
_bregímen contributivo, plan senasa individual
264 1 _aSanto Domingo :
_bSENASA,
_c2010
300 _a206 páginas
_c22 cm.
336 _2rdacontent
_atexto
_btxt
337 _2rdamedia
_asin mediación
_bn
338 _2rdacarrier
_avolumen
_bnc
590 _aInventariado 2025/DG
610 0 _980927
_aSeguro Nacional de Salud (SENASA)
_zRepública Dominicana
610 0 _969660
_aARS Senasa (República Dominicana)
710 1 _aSeguro Nacional de Salud (SENASA)
_980927
910 _aDG
942 _2ddc
_cLBS1
999 _c59223
_d59223